| 000 | 00798nam a2200229 a 4500 | ||
|---|---|---|---|
| 001 | BRCA_5325 | ||
| 005 | 20190320205032.0 | ||
| 008 | 031210s1942----gw-a######---#000-0#ger-# | ||
| 041 | _ager | ||
| 044 | _agw | ||
| 050 | 4 |
_aND623 _b.B47 1942 |
|
| 100 | 1 |
_aBercken, Erich von der _913659 |
|
| 245 | 1 | 0 |
_aDie Gemälde des Jacopo Tintoretto _cErich von der Bercken. |
| 260 |
_aMúnich, Alemania _bR. Piper _cc1942 |
||
| 300 |
_a150 p. _bil., 360 láminas _c31 cm. |
||
| 500 | _aIncluye índice de abreviaturas, índice alfabético, lista cronológica de Tintoretto, índice sistemático de pinturas y directorio de lugares, museos e institutos | ||
| 500 | _aE94 | ||
| 600 | 1 | 4 |
_aTintoretto, Jacopo Robusti _d1512-1594 _913660 |
| 650 | 1 | 4 |
_aPintores italianos _97654 |
| 902 | _aGFM | ||
| 942 |
_2lcc _cB |
||
| 999 |
_c5019 _d5019 |
||